| 000 | 00888nas a2200301 4500 | ||
|---|---|---|---|
| 001 | BR2011000101 | ||
| 003 | BR-BrBNA | ||
| 005 | 20231205114358.0 | ||
| 007 | ta | ||
| 008 | 230509b bl.|||p| |||| 00| 00por d | ||
| 040 |
_aBR-BrBNA _bpor _cBiblioteca Nacional de Agricultura |
||
| 041 | _a(Pt) | ||
| 072 | _aL73 | ||
| 100 | 1 | _aHunning, P.S. | |
| 100 | 1 | _aRigon, G. | |
| 100 | 1 | _aFaraco, C.S. | |
| 100 | 1 | _aPavarini, S.P. | |
| 100 | 1 | _aSampaio, D. | |
| 100 | 1 | _aBeheregaray, W. | |
| 100 | 1 | _aDriemeier, D. | |
| 245 | 1 | _aObstrução intestinal por Pythium insidiosum em um cão: relato de caso | |
| 650 | _aCÃO | ||
| 650 | _aFUNGO | ||
| 650 | _aINTESTINO | ||
| 773 | 0 |
_tArquivo Brasileiro de Medicina Veterinária e Zootecnia (Brazil) _xISSN 0102-0935 _g(Aug 2010), v. 62(4) p. 801-805 _wBR2011000101 |
|
| 909 |
_a202311 _bLúcia _c55 _dLúcia Elande |
||
| 942 |
_2AGRIS _n0 _cANA |
||
| 999 |
_c208500 _d208500 |
||